000 00910ncm a2200277 a 4500
999 _c365085
_d365085
003 BLK
005 20250127155136.0
008 200405b bu |||||r|||| 00| 0 bu d
040 _aBLK
041 _aRUS
_cRUS
080 _aДуо валдхорна и пиано
_b785.72:788.42:786.2
_x785.72:788.42:786.2
100 _9362959
_aРис, Франц
_eпърви автор
139 _aРис, Франц
245 _aСоната
_bДля валторны и фортепиано
_cФранц Рис
257 _aRUS
260 _9402764
_aЛенинград
_bМузыка
_c1980
300 _a63 с.
_c28 см
380 _a7
650 0 _aДуо - валдхорна и пиано
_9353802
653 7 _9196918
_aсонати
653 7 _9182842
_aвалдхорни
653 7 _9193730
_aпиано
852 _aЦб М ІІ 8321
_bЦб
942 _cNOT
_n0
_s1
944 _c2020-05-28
_k30560
_lГеновева Генчева